LEADER 01744nam a2200325 u 4500 001 000000037952 003 CaOOAMICUS 005 20070226113825.0 008 980420s1887 it u000 u ita u 035 $a10791002 040 $aPUL(R)$bita 110 1 $aItalia.$0(OLS)http://pul/name/1188 240 10$aCodice civile$9(Italia).$0(OLS)http://pul/title/51181 245 10$aCodice civile preceduto dalle Relazioni ministeriale e senatoria, dalle discussioni parlamentari, e dai verbali della Commissione coordinatrice ...$nVII,$pLeggi complementari, parte 2a /$c[a cura di] Sebastiano Gianzana .. 246 20$aLeggi complementari, parte 2a 260 $aTorino :$bUnione tipografico editrice,$c1887. 300 $a588 p. ;$c15 cm 490 1 $aCollezione tascabile dei codici italiani ;$v8 500 $aContiene indici. 504 $aBibliografia in nota. 610 14$aItalia.$tCodice civile.$0(OLS)http://pul/subject/33991 650 4$aDiritto civile$zItalia.$0(OLS)http://pul/subject/3770 700 1 $aGianzana, Sebastiano.$0(OLS)http://pul/name/28416 830 0$aCollezione tascabile dei codici italiani ;$v8.$0(OLS)http://pul/title/25820 850 $aPUL 852 $aPUL$W1$xDP1 Antico 800$y27$m170 H 25$j51801$nBK-PRI$b $qStampati Antico$B51801$CPULBib$Z2$F51801 $H $81 941 1 $a15 996 $6245$aCodice civile preceduto dalle Relazioni ministeriale e senatoria, dalle discussioni parlamentari, e dai verbali della Commissione coordinatrice ...$nVII,$pLeggi complementari, parte 2a$9(OLS)http://pul/title/51604 996 $6246$aLeggi complementari, parte 2a$9(OLS)http://pul/title/51605 996 $6260$aTorino :$bUnione tipografico editrice$9(OLS)http://pul/publisher/63431 LEADER 01250nam a2200301 u 4500 001 000000082136 003 CaOOAMICUS 005 20070226123830.0 008 050406s2002 it u000 u ita u 020 $a8837218958 035 $a11038149 040 $aPUL$bita 041 1 $aita$hfre 100 1 $aLévinas, Emmanuel,$d1906-1995.$0(OLS)http://pul/name/11641 240 10$aCommentaires. Texte messianiques.$lItaliano.$0(OLS)http://pul/title/107372 245 13$aIl messianismo /$cEmmanuel Levinas ; a cura di Francesco Camera. 260 $aBrescia :$bMorcelliana,$c2002. 300 $a145 p. ;$c19 cm 490 1 $aIl pellicano rosso.$aNuova serie ;$v6 650 4$aMessianismo.$0(OLS)http://pul/subject/3197 700 1 $aCamera, Francesco,$d1953-$0(OLS)http://pul/name/54634 830 3$aIl pellicano rosso.$pNuova serie ;$v6.$0(OLS)http://pul/title/103420 850 $aPUL 852 $aPUL$W1$xSL Religione 3$y85$m296. 3 LEVEM 1$j104705$nBK-PRI$qDDC 21$B104705$CPULBib$Z2$F104705 $H97720 $82 941 1 $a9 996 $6020$a8837218958$9(OLS)http://pul/number/108825 996 $6245$aIl messianismo$9(OLS)http://pul/title/107373 996 $6260$aBrescia :$bMorcelliana$9(OLS)http://pul/publisher/47854